[Event "BCF-chT3 0910 (4NCL)"]
[Site "England"]
[Date "2010.05.03"]
[Round "11.4"]
[White "Yiamakis, Albert"]
[Black "Turvey, Steven S"]
[Result "1-0"]
[WhiteElo "1650"]
[BlackElo "1856"]
[PlyCount "95"]
[EventDate "2009.10.24"]
[EventType "team-tourn"]
[EventRounds "11"]
[EventCountry "ENG"]
[SourceTitle "EXT 2011"]
[Source "ChessBase"]
[SourceDate "2010.11.26"]
[SourceVersion "1"]
[SourceVersionDate "2010.11.26"]
[SourceQuality "1"]
[WhiteTeam "Guildford"]
[BlackTeam "e2e4.org.uk III"]
[WhiteTeamCountry "ENG"]
[BlackTeamCountry "ENG"]

1. e4 e5 2. Nf3 Nc6 3. Bb5 a6 4. Ba4 Bc5 5. 0-0 Nge7 6. c3 b5 7. Bb3 d6 8. Ng5 d5 9. exd5 Na5 10. Qh5 Ng6 11. Bc2 Bd6 12. d4 Qd7 13. dxe5 Nxe5 14. Nxh7 Kd8 15. Qg5+ f6 16. Nxf6 Nf3+ 17. gxf3 Bxh2+ 18. Kh1 Bf4+ 19. Nh7+ Bxg5 20. Bxg5+ Qe7 21. Bxe7+ Kxe7 22. Nd2 Kf7 23. Kg1 Bd7 24. Ng5+ Kf8 25. Ne6+ Bxe6 26. dxe6 Ke7 27. Rfe1 Rad8 28. Rad1 Rd5 29. f4 Rdh5 30. Nf3 Rh1+ 31. Kg2 Rxe1 32. Rxe1 Nc4 33. b3 Nb6 34. Nd4 Nd5 35. c4 Nxf4+ 36. Kf3 Nh5 37. Nc6+ Kf6 38. e7 Re8 39. Rg1 g5 40. Rh1 Nf4 41. cxb5 axb5 42. Rh6+ Kg7 43. Rh7+ Kf6 44. Kg4 Rg8 45. Nd8 Re8 46. Rf7+ Ke5 47. Nc6+ Ke6 48. Rf8 1-0

[Event "BCF-chT3 0910 (4NCL)"]
[Site "England"]
[Date "2010.05.01"]
[Round "9.5"]
[White "Turvey, Steven S"]
[Black "Kumar, Shankar"]
[Result "1-0"]
[WhiteElo "1856"]
[BlackElo "1805"]
[PlyCount "57"]
[EventDate "2009.10.24"]
[EventType "team-tourn"]
[EventRounds "11"]
[EventCountry "ENG"]
[SourceTitle "EXT 2011"]
[Source "ChessBase"]
[SourceDate "2010.11.26"]
[SourceVersion "1"]
[SourceVersionDate "2010.11.26"]
[SourceQuality "1"]
[WhiteTeam "e2e4.org.uk III"]
[BlackTeam "Guernsey Mates"]
[WhiteTeamCountry "ENG"]
[BlackTeamCountry "ENG"]

1. d4 Nf6 2. Nf3 g6 3. c4 Bg7 4. Nc3 0-0 5. e4 d6 6. h3 e5 7. d5 Nbd7 8. Be3 b6 9. Be2 Nc5 10. Qc2 a5 11. 0-0 Ne8 12. Bxc5 bxc5 13. Nd2 f5 14. exf5 Bxf5 15. Nce4 Qh4 16. Bd3 Bh6 17. Nf3 Qf4 18. Nfd2 Bxe4 19. Nxe4 Ng7 20. Qd1 Nf5 21. g3 Nxg3 22. Nxg3 Qh4 23. Qg4 Qxg4 24. hxg4 Rf6 25. Kg2 Raf8 26. f3 Be3 27. Be4 Rf4 28. Rab1 R8f7 29. a3 1-0

[Event "BCF-chT3 0910 (4NCL)"]
[Site "England"]
[Date "2010.02.21"]
[Round "6.6"]
[White "Turvey, Steven S"]
[Black "Paul, Barnaby J"]
[Result "0-1"]
[WhiteElo "1856"]
[BlackElo "1610"]
[PlyCount "60"]
[EventDate "2009.10.24"]
[EventType "team-tourn"]
[EventRounds "11"]
[EventCountry "ENG"]
[SourceTitle "EXT 2011"]
[Source "ChessBase"]
[SourceDate "2010.11.26"]
[SourceVersion "1"]
[SourceVersionDate "2010.11.26"]
[SourceQuality "1"]
[WhiteTeam "e2e4.org.uk III"]
[BlackTeam "KJCA Knights"]
[WhiteTeamCountry "ENG"]
[BlackTeamCountry "ENG"]

1. e4 e5 2. Nf3 Nc6 3. Bc4 Bc5 4. c3 Nf6 5. d3 d6 6. h3 Be6 7. Nbd2 Qd7 8. Ng5 Bxc4 9. Nxc4 h6 10. Nf3 0-0 11. 0-0 Rad8 12. b4 Bb6 13. a4 a5 14. b5 Ne7 15. Ba3 Rfe8 16. Qc2 Ng6 17. Rfe1 Nh5 18. Bxd6 Bxf2+ 19. Qxf2 cxd6 20. Nxa5 Nhf4 21. Red1 Qc7 22. Nc4 Nxd3 23. Rxd3 Qxc4 24. Qd2 Nf4 25. Rxd6 Qc5+ 26. Rd4 Ne6 27. Qf2 exd4 28. cxd4 Nxd4 29. Nxd4 Qxd4 30. Qxd4 Rxd4 0-1

[Event "BCF-chT3 0910 (4NCL)"]
[Site "England"]
[Date "2010.01.17"]
[Round "4.6"]
[White "O'Connor, Jonathan"]
[Black "Turvey, Steven S"]
[Result "0-1"]
[WhiteElo "1675"]
[BlackElo "1856"]
[PlyCount "82"]
[EventDate "2009.10.24"]
[EventType "team-tourn"]
[EventRounds "11"]
[EventCountry "ENG"]
[SourceTitle "EXT 2011"]
[Source "ChessBase"]
[SourceDate "2010.11.26"]
[SourceVersion "1"]
[SourceVersionDate "2010.11.26"]
[SourceQuality "1"]
[WhiteTeam "Guernsey Mates"]
[BlackTeam "e2e4.org.uk II"]
[WhiteTeamCountry "ENG"]
[BlackTeamCountry "ENG"]

1. e4 e5 2. d4 exd4 3. c3 dxc3 4. Bc4 d6 5. Nxc3 Nf6 6. Nge2 Nc6 7. a3 Be7 8. 0-0 0-0 9. Ng3 a6 10. Be3 Be6 11. Bxe6 fxe6 12. f4 Kh8 13. Qf3 Qe8 14. Rad1 Rd8 15. Rd2 Qf7 16. Qd1 d5 17. Kh1 Nxe4 18. Ncxe4 dxe4 19. Nxe4 Qf5 20. Ng3 Rxd2 21. Qxd2 Qd5 22. Qe2 Rd8 23. f5 e5 24. Nh5 Qd3 25. Qf3 Nd4 26. Bxd4 Qxf3 27. Rxf3 exd4 28. Nf4 c5 29. Ne6 Rd5 30. Rf1 Kg8 31. g4 Kf7 32. h3 c4 33. Rd1 d3 34. Nf4 Rb5 35. b3 Rxb3 36. Nd5 Bxa3 37. Ne3 b5 38. Kg2 Rb2+ 39. Kf3 Rh2 40. Ra1 Bc5 41. Rxa6 Rxh3+ 0-1

[Event "BCF-chT3 0910 (4NCL)"]
[Site "England"]
[Date "2010.01.16"]
[Round "3.4"]
[White "Robertson, J Stuart"]
[Black "Turvey, Steven S"]
[Result "1-0"]
[WhiteElo "1986"]
[BlackElo "1856"]
[PlyCount "85"]
[EventDate "2009.10.24"]
[EventType "team-tourn"]
[EventRounds "11"]
[EventCountry "ENG"]
[SourceTitle "EXT 2011"]
[Source "ChessBase"]
[SourceDate "2010.11.26"]
[SourceVersion "1"]
[SourceVersionDate "2010.11.26"]
[SourceQuality "1"]
[WhiteTeam "Cambridge University II"]
[BlackTeam "e2e4.org.uk III"]
[WhiteTeamCountry "ENG"]
[BlackTeamCountry "ENG"]

1. d4 d5 2. c4 e6 3. g3 Nf6 4. Bg2 c6 5. Nf3 Nbd7 6. 0-0 Bd6 7. Qc2 0-0 8. Nbd2 e5 9. dxe5 Nxe5 10. b3 Re8 11. Bb2 Bg4 12. cxd5 Nxd5 13. a3 Qe7 14. Rfe1 Rad8 15. Nh4 Nf6 16. f4 Ned7 17. e4 Bc5+ 18. Kh1 Bf2 19. Rf1 Qc5 20. Nc4 b5 21. Rxf2 bxc4 22. b4 Qe3 23. e5 Nd5 24. Nf3 g6 25. Re1 Bf5 26. Rxe3 Bxc2 27. Re1 Ba4 28. Bd4 a6 29. Ng5 f6 30. Ne4 f5 31. Nd6 Re6 32. Nxc4 Rb8 33. Rc1 N7b6 34. Nd6 Nc7 35. h3 Nc8 36. Nc4 Bb5 37. g4 Kf7 38. Kh2 Nd5 39. Kg3 Re7 40. Bc5 Rd7 41. e6+ Kxe6 42. Re2+ Kf6 43. Bd4+ 1-0

[Event "BCF-chT3 0809 (4NCL)"]
[Site "Hinckley Island"]
[Date "2009.05.04"]
[Round "11.3"]
[White "Turvey, Steven S"]
[Black "Davis, Lee"]
[Result "1-0"]
[WhiteElo "1915"]
[BlackElo "1946"]
[PlyCount "89"]
[EventDate "2008.10.18"]
[EventType "team-swiss"]
[EventRounds "11"]
[EventCountry "ENG"]
[SourceTitle "EXT 2010"]
[Source "ChessBase"]
[SourceDate "2010.11.25"]
[SourceVersion "1"]
[SourceVersionDate "2010.11.25"]
[SourceQuality "1"]
[WhiteTeam "Leicester III"]
[BlackTeam "FPONTY"]
[WhiteTeamCountry "ENG"]
[BlackTeamCountry "ENG"]

1. e4 d6 2. d4 Nf6 3. Nc3 g6 4. Nf3 Bg7 5. Bc4 0-0 6. 0-0 Nxe4 7. Nxe4 d5 8. Bd3 dxe4 9. Bxe4 Nd7 10. c3 Nf6 11. Bc2 c5 12. Bf4 Qb6 13. Qc1 Bg4 14. dxc5 Qxc5 15. Ne5 Be6 16. Nd3 Qh5 17. Bd1 Qf5 18. Bc2 Qh5 19. Bd1 Qb5 20. Nb4 Bf5 21. Re1 Rfe8 22. Be2 Qc5 23. Qe3 Qxe3 24. Bxe3 a5 25. Nd3 Nd5 26. Bg5 e5 27. Nc5 b6 28. Bf3 Rac8 29. Nb7 e4 30. Nd6 Re5 31. Nxc8 Bxc8 32. Rxe4 Rxg5 33. Re8+ Bf8 34. Rxc8 Nf4 35. Rd1 Kg7 36. Rd7 Ne6 37. Rd5 f5 38. Rd7+ Kf6 39. Bd5 f4 40. Bxe6 Kxe6 41. Rxh7 Bc5 42. Rd8 f3 43. g3 Bd6 44. Re8+ Kd5 45. Rf7 1-0

[Event "BCF-chT3 0809 (4NCL)"]
[Site "Hinckley Island"]
[Date "2009.05.03"]
[Round "10.1"]
[White "Combie, Alexander"]
[Black "Turvey, Steven S"]
[Result "1-0"]
[WhiteElo "1944"]
[BlackElo "1915"]
[PlyCount "75"]
[EventDate "2008.10.18"]
[EventType "team-swiss"]
[EventRounds "11"]
[EventCountry "ENG"]
[SourceTitle "EXT 2010"]
[Source "ChessBase"]
[SourceDate "2010.11.25"]
[SourceVersion "1"]
[SourceVersionDate "2010.11.25"]
[SourceQuality "1"]
[WhiteTeam "Nottinghamshire II"]
[BlackTeam "Leicester III"]
[WhiteTeamCountry "ENG"]
[BlackTeamCountry "ENG"]

1. d4 d5 2. c4 c6 3. Nf3 Nf6 4. Nc3 Bf5 5. Qb3 Qb6 6. c5 Qc7 7. Bf4 Qc8 8. h3 h6 9. e3 e6 10. Qd1 Be7 11. Bd3 Bxd3 12. Qxd3 Nh5 13. Bh2 Nd7 14. 0-0 f5 15. g4 fxg4 16. Qg6+ Kf8 17. Qxh5 Nf6 18. Qe5 gxf3 19. Qg3 Qe8 20. Qxf3 Qh5 21. Qxh5 Nxh5 22. b4 a6 23. a4 Kf7 24. b5 axb5 25. axb5 Nf6 26. b6 Nd7 27. Rfb1 Bf6 28. Ra7 Nxc5 29. dxc5 Bxc3 30. Rxb7+ Kf6 31. Rc7 Ra1 32. Rxa1 Bxa1 33. Rxc6 Be5 34. Bxe5+ Kxe5 35. b7 Rb8 36. Rc7 d4 37. exd4+ Kxd4 38. c6 1-0

[Event "BCF-chT3 0809 (4NCL)"]
[Site "Hinckley Island"]
[Date "2008.10.19"]
[Round "2.2"]
[White "Fathallah, Joe"]
[Black "Turvey, Steven S"]
[Result "1/2-1/2"]
[WhiteElo "1976"]
[BlackElo "1915"]
[PlyCount "57"]
[EventDate "2008.10.18"]
[EventType "team-swiss"]
[EventRounds "11"]
[EventCountry "ENG"]
[SourceTitle "EXT 2010"]
[Source "ChessBase"]
[SourceDate "2010.11.25"]
[SourceVersion "1"]
[SourceVersionDate "2010.11.25"]
[SourceQuality "1"]
[WhiteTeam "Celtic Tigers II"]
[BlackTeam "Leicester III"]
[WhiteTeamCountry "ENG"]
[BlackTeamCountry "ENG"]

1. d4 d5 2. Nf3 Nf6 3. Bf4 Nc6 4. e3 e6 5. c3 Nh5 6. Bg3 Nxg3 7. hxg3 Bd6 8. Bd3 e5 9. dxe5 Nxe5 10. Nxe5 Bxe5 11. Qh5 Qd6 12. f4 Bf6 13. Qe2 Bd7 14. Nd2 0-0-0 15. 0-0-0 Rde8 16. e4 dxe4 17. Nxe4 Qc6 18. Qc2 Be7 19. c4 Be6 20. b3 f5 21. Nc3 g6 22. Rhe1 Bf6 23. Nb5 Qc5 24. a3 Kb8 25. b4 Qc6 26. a4 Bf7 27. Na3 Rxe1 28. Rxe1 Re8 29. Rxe8+ 1/2-1/2

[Event "BCF-chT3 0809 (4NCL)"]
[Site "Hinckley Island"]
[Date "2008.10.18"]
[Round "1.2"]
[White "Turvey, Steven S"]
[Black "Humphreys, Jerry"]
[Result "0-1"]
[WhiteElo "1915"]
[BlackElo "2067"]
[PlyCount "94"]
[EventDate "2008.10.18"]
[EventType "team-swiss"]
[EventRounds "11"]
[EventCountry "ENG"]
[SourceTitle "EXT 2010"]
[Source "ChessBase"]
[SourceDate "2010.11.25"]
[SourceVersion "1"]
[SourceVersionDate "2010.11.25"]
[SourceQuality "1"]
[WhiteTeam "Leicester III"]
[BlackTeam "Bristol II"]
[WhiteTeamCountry "ENG"]
[BlackTeamCountry "ENG"]

1. e4 c5 2. Nf3 e6 3. d4 cxd4 4. Nxd4 Nf6 5. Bd3 Nc6 6. c3 d6 7. Be3 Be7 8. h3 0-0 9. 0-0 a6 10. Nd2 Qc7 11. Qc2 Bd7 12. f4 Nxd4 13. cxd4 Qxc2 14. Bxc2 Rac8 15. Bd3 Rc7 16. Rac1 Rfc8 17. Nf3 Rxc1 18. Rxc1 Rxc1+ 19. Bxc1 Bc6 20. Nd2 Bd8 21. e5 dxe5 22. fxe5 Nd5 23. Be4 Bb6 24. Nb3 Nb4 25. Bb1 Bd5 26. Be3 Nc6 27. Nc5 Bxc5 28. dxc5 Nxe5 29. a3 f5 30. Bc2 Kf7 31. Kf2 Nc6 32. Ba4 Kf6 33. Bxc6 Bxc6 34. Bd4+ e5 35. Bc3 g5 36. g3 Ke6 37. Ke3 Bg2 38. h4 gxh4 39. gxh4 Bc6 40. b4 f4+ 41. Ke2 Kf5 42. Be1 e4 43. Kd2 Bb5 44. a4 e3+ 45. Kd1 Bxa4+ 46. Ke2 Ke4 47. Bc3 f3+ 0-1

[Event "BCF-chT4 0708 (4NCL)"]
[Site "England"]
[Date "2008.02.09"]
[Round "5.5"]
[White "Turvey, Steven S"]
[Black "Murphy, Kieran"]
[Result "1/2-1/2"]
[WhiteElo "1915"]
[BlackElo "2044"]
[PlyCount "51"]
[EventDate "2007.09.15"]
[EventType "team-swiss"]
[EventRounds "11"]
[EventCountry "ENG"]
[SourceTitle "EXT 2009"]
[Source "ChessBase"]
[SourceDate "2008.11.26"]
[SourceVersion "1"]
[SourceVersionDate "2008.11.26"]
[SourceQuality "1"]
[WhiteTeam "Littlehorpe II"]
[BlackTeam "Metropolitan"]
[WhiteTeamCountry "ENG"]
[BlackTeamCountry "ENG"]

1. e4 c5 2. Nf3 d6 3. d4 cxd4 4. Nxd4 Nf6 5. Nc3 a6 6. Be2 e5 7. Nf3 h6 8. 0-0 Be6 9. h3 Nbd7 10. Be3 Rc8 11. Nd2 d5 12. Nxd5 Nxd5 13. exd5 Bxd5 14. Nf3 Bc6 15. Re1 Be7 16. c3 0-0 17. Qc2 Bd6 18. Qf5 Qf6 19. Bd3 Qxf5 20. Bxf5 Rcd8 21. Rad1 Bc7 22. Nd2 Nf6 23. f3 Nd5 24. Bc5 Rfe8 25. Be4 g6 26. c4 1/2-1/2

[Event "BCF-chT3 0506 (4NCL)"]
[Site "Birmingham"]
[Date "2006.03.04"]
[Round "7.7"]
[White "Turvey, Steven S"]
[Black "Ackley, Peter JE"]
[Result "1/2-1/2"]
[WhiteElo "1885"]
[BlackElo "2030"]
[PlyCount "55"]
[EventDate "2005.10.22"]
[EventType "team"]
[EventRounds "11"]
[EventCountry "ENG"]
[SourceTitle "EXT 2007"]
[Source "ChessBase"]
[SourceDate "2006.11.23"]
[SourceVersion "1"]
[SourceVersionDate "2006.11.23"]
[SourceQuality "1"]
[WhiteTeam "Bristol II"]
[BlackTeam "Mindsports"]
[WhiteTeamCountry "ENG"]
[BlackTeamCountry "ENG"]

1. e4 e6 2. d4 d5 3. exd5 exd5 4. Nf3 Bd6 5. Bd3 Ne7 6. 0-0 Bg4 7. Be2 f6 8. Nh4 Bxe2 9. Qxe2 Nbc6 10. Nf5 Kf7 11. Nxd6+ Qxd6 12. c3 Rhe8 13. Qf3 Ng6 14. Bd2 Re4 15. Na3 Rae8 16. Rfe1 Rxe1+ 17. Rxe1 Rxe1+ 18. Bxe1 Qe6 19. Bd2 Nce7 20. Qd3 c6 21. b3 Qf5 22. Qxf5 Nxf5 23. f3 Ke6 24. Nc2 Nd6 25. Kf2 Ne7 26. g4 f5 27. h3 fxg4 28. hxg4 1/2-1/2

[Event "BCF-chT3 0506 (4NCL)"]
[Site "Birmingham"]
[Date "2006.01.14"]
[Round "5.7"]
[White "Turvey, Steven S"]
[Black "McMahon, Paul"]
[Result "1/2-1/2"]
[WhiteElo "1885"]
[BlackElo "2031"]
[PlyCount "54"]
[EventDate "2005.10.22"]
[EventType "team"]
[EventRounds "11"]
[EventCountry "ENG"]
[SourceTitle "EXT 2007"]
[Source "ChessBase"]
[SourceDate "2006.11.23"]
[SourceVersion "1"]
[SourceVersionDate "2006.11.23"]
[SourceQuality "1"]
[WhiteTeam "Bristol II"]
[BlackTeam "Poisoned Pawns II"]
[WhiteTeamCountry "ENG"]
[BlackTeamCountry "ENG"]

1. e4 e5 2. Nf3 Nc6 3. Bc4 Nf6 4. d3 Be7 5. Nc3 d6 6. h3 Be6 7. Bxe6 fxe6 8. 0-0 Qd7 9. Nh2 d5 10. exd5 exd5 11. f4 0-0-0 12. fxe5 Nxe5 13. d4 Ng6 14. a3 Rhf8 15. b4 Rde8 16. Bg5 Qd6 17. Qd2 h6 18. Qd3 Ng4 19. Nxg4 Bxg5 20. Rxf8 Rxf8 21. Ne2 Nf4 22. Nxf4 Qxf4 23. b5 h5 24. Ne5 Qe3+ 25. Kh1 Qxd3 26. Nxd3 Be3 27. Rd1 Bxd4 1/2-1/2